| 000 | 00604nam a22001577a 4500 | ||
|---|---|---|---|
| 008 | 160601b xxu||||| |||| 00| 0 eng d | ||
| 082 |
_22014 _aUT 0542 _bB22 |
||
| 100 |
_99726 _aBantilan, Donde Joe G. |
||
| 245 |
_aPersonal and social predictors of bar patronage in Digos City/ _cDonde Joe G. Bantilan, Jerry Jack L. Diaz and Jean L. Pacot. |
||
| 260 |
_aDigos City: _bUMDC _cOctober 2014. |
||
| 300 |
_a65 pages; _c30 cm. |
||
| 650 | 0 |
_99725 _aBusiness Administration _vMarketing Management _xUndergraduate thesis. |
|
| 700 |
_99723 _aDiaz, Jerry Jack L. |
||
| 700 |
_99724 _aPacot, Jean L. |
||
| 942 |
_2ddc _cUT |
||
| 999 |
_c2924 _d2924 |
||